000 00483cam a2200181ua 4500
020 _cRs 1.50
041 _amal
_h
082 _a894.8121
_bRAM/AR
100 _aRamakrishnan, Malayattoor.
245 _aArabiyum ottakavum /
_cMalayattoor Ramakrishnan.
_hTextual Documents
250 _a1 /
_b.
260 _aKottayam :
_bSahitya Pravarthaka Co-operative Society ,
_c1961.
300 _a126 ; .
365 _aRs 1.50
504 _a
942 _cBK
999 _c4040
_d4040